| 000 | 00388nam a2200145Ia 4500 | ||
|---|---|---|---|
| 008 | 230524s9999 xx 000 0 und d | ||
| 020 | _a9788181280732 | ||
| 100 | _aUwe Hansman | ||
| 245 | 0 | _aPrinciples of Mobile Computing | |
| 260 | _bSpringer | ||
| 500 | _aQuantity Number: 5 | ||
| 650 | _aElectronics | ||
| 700 | _a" Lother Merk, Martin S. Nicklous & Thomas Stober" | ||
| 942 | _cBK | ||
| 999 |
_c51156 _d51156 |
||